[Event "PHI-ch"]
[Site "Mactan City"]
[Date "2021.12.12"]
[Round "6"]
[White "Pimentel, Joel"]
[Black "Frayna, Janelle Mae"]
[Result "1-0"]
[WhiteElo "2273"]
[BlackElo "2190"]
[PlyCount "121"]
[EventDate "2021.12.09"]
[EventType "tourn"]
[EventRounds "11"]
[EventCountry "PHI"]
[EventCategory "3"]
[SourceTitle "CBM 205 Extra"]
[Source "ChessBase"]
[SourceDate "2022.01.31"]
[SourceVersion "1"]
[SourceVersionDate "2022.01.31"]
[SourceQuality "1"]

1. d4 Nf6 2. c4 g6 3. Nc3 d5 4. Nf3 Bg7 5. Qb3 dxc4 6. Qxc4 0-0 7. e4 a6 8. Be2 b5 9. Qb3 c5 10. dxc5 Bb7 11. 0-0 Nbd7 12. e5 Nxc5 13. Qb4 Nfd7 14. Rd1 Rc8 15. Be3 Ne6 16. Nd5 Bxd5 17. Rxd5 Qc7 18. Rc1 Qb7 19. Rcd1 Nb8 20. a4 Nc6 21. Qb3 Na5 22. Qb4 Nc6 23. Qe4 bxa4 24. Qxa4 Qxb2 25. Bxa6 Qb4 26. Qxb4 Nxb4 27. Bxc8 Nxd5 28. Bxe6 Nxe3 29. Bxf7+ Kxf7 30. fxe3 Ke6 31. e4 Ra8 32. Rd5 Bh6 33. Nd4+ Kf7 34. Kf2 Ra2+ 35. Kg3 Rd2 36. e6+ Ke8 37. Nc6 Rxd5 38. exd5 Bc1 39. Kf3 Ba3 40. Ke4 Kf8 41. Ne5 Bb4 42. Kd4 Bd6 43. h3 Bb4 44. Kc4 Bd2 45. Kc5 Bf4 46. Nd7+ Ke8 47. Kc6 Bg3 48. Kb7 Bd6 49. Kc8 Ba3 50. Nb8 Bd6 51. Na6 Be5 52. Nc7+ Kf8 53. Kd7 h5 54. Nb5 Bf6 55. d6 Bh4 56. dxe7+ Bxe7 57. Nd6 Bf6 58. Nc8 h4 59. e7+ Bxe7 60. Nxe7 Kf7 61. Nd5 1-0

[Event "Bacolod Negros op"]
[Site "Bacolod"]
[Date "2017.10.17"]
[Round "7"]
[White "Pimentel, Joel"]
[Black "Magallanes, Rey Jomar"]
[Result "1-0"]
[WhiteElo "2282"]
[BlackElo "2068"]
[PlyCount "59"]
[EventDate "2017.10.11"]
[EventType "swiss"]
[EventRounds "9"]
[EventCountry "PHI"]
[SourceTitle "CBM 181 Extra"]
[Source "ChessBase"]
[SourceDate "2017.12.12"]
[SourceVersion "1"]
[SourceVersionDate "2017.12.12"]
[SourceQuality "1"]

1. d4 Nf6 2. Nf3 g6 3. Nbd2 d5 4. e3 Bg7 5. Bd3 Bf5 6. Qe2 c6 7. 0-0 0-0 8. e4 dxe4 9. Nxe4 Nxe4 10. Bxe4 Bxe4 11. Qxe4 e6 12. c4 Qb6 13. Qh4 Nd7 14. Bh6 Rfe8 15. b3 a5 16. Rad1 a4 17. Rd3 Ra5 18. Bxg7 Kxg7 19. Ng5 h6 20. Ne4 axb3 21. axb3 Qb4 22. c5 Rea8 23. Qe7 Ra1 24. Qxd7 Rxf1+ 25. Kxf1 Ra1+ 26. Ke2 Qe1+ 27. Kf3 Ra2 28. Re3 Qd1+ 29. Kg3 h5 30. Rf3 1-0

[Event "Bacolod Negros op"]
[Site "Bacolod"]
[Date "2017.10.16"]
[Round "6"]
[White "Pimentel, Joel"]
[Black "Velarde, Jerish John"]
[Result "1-0"]
[WhiteElo "2282"]
[BlackElo "1608"]
[PlyCount "119"]
[EventDate "2017.10.11"]
[EventType "swiss"]
[EventRounds "9"]
[EventCountry "PHI"]
[SourceTitle "CBM 181 Extra"]
[Source "ChessBase"]
[SourceDate "2017.12.12"]
[SourceVersion "1"]
[SourceVersionDate "2017.12.12"]
[SourceQuality "1"]

1. d4 Nf6 2. Nf3 e6 3. Nbd2 c5 4. e3 d5 5. c3 Be7 6. Bd3 c4 7. Bc2 b5 8. e4 dxe4 9. Nxe4 Bb7 10. Nxf6+ Bxf6 11. 0-0 0-0 12. Re1 Nd7 13. h3 h6 14. Qe2 Nb6 15. Ne5 Bxe5 16. Qxe5 Bd5 17. Qg3 Kh8 18. Bf4 Nd7 19. a4 bxa4 20. Rxa4 f5 21. Rea1 g5 22. Be5+ Nxe5 23. Qxe5+ Qf6 24. Qxf6+ Rxf6 25. Rxa7 Rff8 26. Rxa8 Rxa8 27. Rxa8+ Bxa8 28. b3 Bd5 29. bxc4 Bxc4 30. g3 f4 31. gxf4 gxf4 32. Kg2 Bd5+ 33. Kf1 Kg7 34. Ke2 Kf6 35. Kd3 e5 36. h4 Be6 37. f3 Bd5 38. Bd1 Kf5 39. c4 e4+ 40. Kc3 exf3 41. cxd5 f2 42. Be2 Kf6 43. Kd3 Ke7 44. Bf1 Kd6 45. Ke4 h5 46. Be2 f3 47. Bf1 Ke7 48. Kxf3 Kd6 49. Kxf2 Kxd5 50. Ke3 Kd6 51. Be2 Ke6 52. Bxh5 Kf5 53. d5 Ke5 54. Bf3 Kf5 55. h5 Kf6 56. Kf4 Ke7 57. h6 Kf6 58. d6 Ke6 59. h7 Kxd6 60. h8Q 1-0

[Event "Olongapo City Puregold op"]
[Site "Olongapo City"]
[Date "2015.11.18"]
[Round "4"]
[White "Pimentel, Joel"]
[Black "Antonio, Rogelio Jr"]
[Result "1-0"]
[WhiteElo "2264"]
[BlackElo "2478"]
[PlyCount "87"]
[EventDate "2015.11.16"]
[EventType "game"]
[EventRounds "10"]
[EventCountry "PHI"]
[SourceTitle "CBM 169 Extra"]
[Source "ChessBase"]
[SourceDate "2015.12.18"]
[SourceVersion "1"]
[SourceVersionDate "2015.12.18"]
[SourceQuality "1"]

1. d4 Nf6 2. Nf3 e6 3. e3 c5 4. Nbd2 b6 5. Bd3 Bb7 6. Qe2 cxd4 7. exd4 Nd5 8. Ne4 Nb4 9. Bb5 a6 10. Ba4 Qc7 11. c3 Nd5 12. 0-0 Be7 13. Ne5 0-0 14. Bc2 d6 15. Nd3 Qc6 16. f3 a5 17. Re1 Nd7 18. Qf2 Rfe8 19. Bd2 b5 20. Rac1 Rac8 21. Bb1 Nf8 22. h4 Qb6 23. h5 Qd8 24. Qf1 f5 25. Nef2 Qb6 26. Re2 Bf6 27. Qe1 Ba6 28. g4 Qc6 29. Nh3 Bb7 30. Qg3 fxg4 31. fxg4 Bd8 32. Rf1 Nf6 33. Kh2 Bc7 34. h6 Ng6 35. hxg7 e5 36. d5 Qxd5 37. Ne1 Qc4 38. Rxf6 Qxe2+ 39. Rf2 Qc4 40. Bxg6 Re7 41. Bxh7+ Kxg7 42. Qh4 Qe6 43. Bf5 Rh8 44. Qg5+ 1-0

[Event "Olongapo City Puregold op"]
[Site "Olongapo City"]
[Date "2015.11.17"]
[Round "2"]
[White "Pimentel, Joel"]
[Black "Aravindh, Chithambaram VR"]
[Result "1/2-1/2"]
[WhiteElo "2264"]
[BlackElo "2496"]
[PlyCount "141"]
[EventDate "2015.11.16"]
[EventType "game"]
[EventRounds "10"]
[EventCountry "PHI"]
[SourceTitle "CBM 169 Extra"]
[Source "ChessBase"]
[SourceDate "2015.12.18"]
[SourceVersion "1"]
[SourceVersionDate "2015.12.18"]
[SourceQuality "1"]

1. d4 d5 2. c4 Nc6 3. e3 e5 4. dxe5 dxc4 5. Qxd8+ Kxd8 6. Bxc4 Nxe5 7. Be2 Bf5 8. Nf3 Bd6 9. 0-0 Nxf3+ 10. Bxf3 c6 11. Bd2 Be5 12. Bc3 Bxc3 13. Nxc3 Nf6 14. Rfd1+ Ke7 15. Rd4 Rhd8 16. Rad1 Rxd4 17. Rxd4 Rd8 18. Rxd8 Kxd8 19. Kf1 Kc7 20. Ke2 a5 21. Kd2 b5 22. a3 b4 23. axb4 axb4 24. Na4 Nd7 25. Be2 Be6 26. Kc2 Kd6 27. f3 g5 28. b3 c5 29. Nb2 Ne5 30. Bc4 Bf5+ 31. Kd2 f6 32. Be2 Be6 33. Bc4 Bf5 34. Be2 Be6 35. Bc4 Bd5 36. Kc2 f5 37. Be2 h6 38. Nc4+ Bxc4 39. Bxc4 h5 40. Kd2 h4 41. h3 Nd7 42. Kd3 Ne5+ 43. Kd2 Nc6 44. Kd3 Ke5 45. Bf7 f4 46. e4 Kd6 47. Bd5 Ne5+ 48. Kd2 Ke7 49. Ke2 Kd8 50. Kd2 Kc8 51. Be6+ Kb8 52. Bd5 Ka7 53. Ke2 Ka6 54. Bc4+ Kb6 55. Kd2 Kc7 56. Ke2 Kd7 57. Bd5 Kd6 58. Bc4 Nc6 59. Bd5 Nd4+ 60. Kd3 Nb5 61. Bg8 Na3 62. Bf7 Nb1 63. Kc2 Nc3 64. Bc4 Ke5 65. Bf1 Kd4 66. Bc4 Ke5 67. Bd3 Ke6 68. Bc4+ Kd6 69. Bd3 Ke5 70. Bf1 Kd4 71. Bc4 1/2-1/2

[Event "PHI-ch"]
[Site "Manila"]
[Date "2014.06.28"]
[Round "11"]
[White "Pimentel, Joel"]
[Black "Laylo, Darwin"]
[Result "0-1"]
[WhiteElo "2286"]
[BlackElo "2508"]
[PlyCount "50"]
[EventDate "2014.06.21"]
[EventType "tourn"]
[EventRounds "11"]
[EventCountry "PHI"]
[EventCategory "6"]
[SourceTitle "CBM 161 Extra"]
[Source "ChessBase"]
[SourceDate "2014.08.29"]
[SourceVersion "1"]
[SourceVersionDate "2014.08.29"]
[SourceQuality "1"]

1. d4 Nf6 2. c4 g6 3. Nf3 Bg7 4. g3 0-0 5. Bg2 c6 6. 0-0 d5 7. b3 dxc4 8. bxc4 c5 9. e3 Nc6 10. Bb2 Qb6 11. Qb3 Ne4 12. Ne5 Nd6 13. Nd2 cxd4 14. Nxc6 bxc6 15. Qxb6 axb6 16. exd4 Be6 17. Rfc1 Rfc8 18. a4 Ra7 19. Ra2 b5 20. d5 cxd5 21. cxd5 Bxb2 22. Rxc8+ Bxc8 23. Rxb2 bxa4 24. Nb1 a3 25. Ra2 Rc7 0-1

[Event "PHI-ch"]
[Site "Manila"]
[Date "2014.06.24"]
[Round "6"]
[White "Bersamina, Paulo"]
[Black "Pimentel, Joel"]
[Result "1/2-1/2"]
[WhiteElo "2318"]
[BlackElo "2286"]
[PlyCount "60"]
[EventDate "2014.06.21"]
[EventType "tourn"]
[EventRounds "11"]
[EventCountry "PHI"]
[EventCategory "6"]
[SourceTitle "CBM 161 Extra"]
[Source "ChessBase"]
[SourceDate "2014.08.29"]
[SourceVersion "1"]
[SourceVersionDate "2014.08.29"]
[SourceQuality "1"]

1. d4 Nf6 2. c4 c5 3. d5 b5 4. cxb5 a6 5. f3 g6 6. e4 d6 7. Na3 Bg7 8. Ne2 0-0 9. Nc3 Bd7 10. Be2 Ne8 11. 0-0 axb5 12. Naxb5 Nc7 13. a4 Nxb5 14. Nxb5 Na6 15. Rb1 Nc7 16. Nxc7 Qxc7 17. b3 Rfb8 18. Bd2 Bc8 19. Bc4 Ba6 20. Qe2 Qb7 21. Rfc1 Bxc4 22. Qxc4 Qa7 23. Kf1 Rb7 24. Be1 Rab8 25. Rd1 Rb6 26. Rd3 Qa6 27. Rc1 Qb7 28. Rb1 Qa6 29. Rc1 Qb7 30. Rb1 Qa6 1/2-1/2

[Event "PHI-ch"]
[Site "Manila"]
[Date "2014.06.22"]
[Round "3"]
[White "Pimentel, Joel"]
[Black "Frayna, Janelle Mae"]
[Result "0-1"]
[WhiteElo "2286"]
[BlackElo "2133"]
[PlyCount "96"]
[EventDate "2014.06.21"]
[EventType "tourn"]
[EventRounds "11"]
[EventCountry "PHI"]
[EventCategory "6"]
[SourceTitle "CBM 161 Extra"]
[Source "ChessBase"]
[SourceDate "2014.08.29"]
[SourceVersion "1"]
[SourceVersionDate "2014.08.29"]
[SourceQuality "1"]

1. d4 Nf6 2. c4 g6 3. Nf3 Bg7 4. Bf4 0-0 5. Nc3 d5 6. e3 c5 7. Be5 dxc4 8. dxc5 Qa5 9. Bd4 Nc6 10. Qa4 Qxa4 11. Nxa4 Nb4 12. Bxc4 Nc2+ 13. Ke2 Nxa1 14. Rxa1 Bg4 15. Rc1 Rfd8 16. h3 Bxf3+ 17. gxf3 Nd5 18. Bxg7 Kxg7 19. a3 Rac8 20. b4 Nf6 21. f4 Nd5 22. Rc2 h6 23. h4 Kf6 24. Kf3 e5 25. fxe5+ Kxe5 26. Nb2 f5 27. b5 Kf6 28. Nd3 g5 29. hxg5+ hxg5 30. Ke2 Ne7 31. a4 Ng6 32. Bb3 f4 33. Nb4 fxe3 34. fxe3 Ne7 35. Rc1 g4 36. a5 Rh8 37. b6 axb6 38. axb6 Rcd8 39. Rf1+ Kg5 40. Rf2 g3 41. Rf7 Rh2+ 42. Kf3 Nf5 43. Rxf5+ Kxf5 44. Bd5 Rb2 45. Kxg3 Rxb4 46. Bxb7 Rb8 47. Ba6 Ke5 48. e4 Kxe4 0-1

[Event "Asian Continental op 12th"]
[Site "Manila"]
[Date "2013.05.26"]
[Round "9"]
[White "Galindo, Joseph"]
[Black "Pimentel, Joel"]
[Result "0-1"]
[WhiteElo "2081"]
[BlackElo "2194"]
[PlyCount "60"]
[EventDate "2013.05.18"]
[EventType "swiss"]
[EventRounds "9"]
[EventCountry "PHI"]
[SourceTitle "CBM 154 Extra"]
[Source "ChessBase"]
[SourceDate "2013.06.25"]
[SourceVersion "2"]
[SourceVersionDate "2013.06.25"]
[SourceQuality "1"]

1. c4 c6 2. d4 d5 3. cxd5 cxd5 4. Nc3 Nf6 5. Qc2 a6 6. Nf3 Nc6 7. Bg5 e6 8. e3 Be7 9. a3 Bd7 10. Bd3 h6 11. Bf4 Rc8 12. Rc1 Na5 13. Ne5 0-0 14. g4 Bb5 15. Rg1 Bxd3 16. Qxd3 Ne4 17. Rc2 Nd6 18. f3 Bg5 19. Bxg5 hxg5 20. Rg3 f5 21. Rcg2 Nac4 22. gxf5 Rxf5 23. Nxc4 Nxc4 24. e4 Rf7 25. Nd1 dxe4 26. Qxe4 Qa5+ 27. Kf2 Qd2+ 28. Qe2 Qxd4+ 29. Ke1 Ne5 30. Nc3 Nd3+ 0-1

[Event "ASEAN-ch U20 13th"]
[Site "Hue"]
[Date "2012.06.17"]
[Round "7"]
[White "Pimentel, Joel"]
[Black "Nguyen, Van Thanh"]
[Result "1/2-1/2"]
[WhiteElo "2050"]
[BlackElo "2195"]
[PlyCount "44"]
[EventDate "2012.06.11"]
[EventType "swiss"]
[EventRounds "9"]
[EventCountry "VIE"]
[SourceTitle "CBM 149 Extra"]
[Source "ChessBase"]
[SourceDate "2012.08.24"]
[SourceVersion "1"]
[SourceVersionDate "2012.08.24"]
[SourceQuality "1"]

1. d4 d5 2. c4 dxc4 3. e4 e5 4. d5 f5 5. Nc3 Nf6 6. Bg5 Bd6 7. Bxc4 0-0 8. Nge2 f4 9. f3 h6 10. Bh4 g5 11. Bf2 g4 12. Nc1 a6 13. a4 gxf3 14. gxf3 b6 15. Nd3 Nbd7 16. Qc2 Kh8 17. Rg1 Qe8 18. 0-0-0 Qh5 19. Qe2 Bb7 20. Rg2 Rg8 21. Rdg1 Rxg2 22. Rxg2 Rg8 1/2-1/2

[Event "ASEAN-ch U20 13th"]
[Site "Hue"]
[Date "2012.06.16"]
[Round "6"]
[White "Farid, Firman Syah"]
[Black "Pimentel, Joel"]
[Result "0-1"]
[WhiteElo "2285"]
[BlackElo "2050"]
[PlyCount "72"]
[EventDate "2012.06.11"]
[EventType "swiss"]
[EventRounds "9"]
[EventCountry "VIE"]
[SourceTitle "CBM 149 Extra"]
[Source "ChessBase"]
[SourceDate "2012.08.24"]
[SourceVersion "1"]
[SourceVersionDate "2012.08.24"]
[SourceQuality "1"]

1. Nf3 g6 2. c4 Bg7 3. Nc3 Nf6 4. g3 d6 5. Bg2 e5 6. d4 exd4 7. Nxd4 0-0 8. 0-0 Nbd7 9. h3 Re8 10. Bg5 h6 11. Be3 Nc5 12. Qc2 Qe7 13. Rad1 c6 14. Bc1 Nfe4 15. Nb1 Ng5 16. h4 Nge6 17. Nf3 Nc7 18. Be3 Kh7 19. Nc3 Be6 20. Bf4 Rad8 21. b4 Bf5 22. Qd2 N5e6 23. Be3 d5 24. cxd5 Nxd5 25. Qc1 Qxb4 26. Nxd5 Rxd5 27. Rxd5 cxd5 28. Rd1 d4 29. Bd2 Qb5 30. Nh2 d3 31. e3 Nc5 32. Bc3 Bxc3 33. Qxc3 Qa4 34. Rd2 Ne4 35. Bxe4 Qxe4 36. g4 Rc8 0-1

[Event "ASEAN-ch U20 13th"]
[Site "Hue"]
[Date "2012.06.12"]
[Round "2"]
[White "Pimentel, Joel"]
[Black "Bui, Trong Hao"]
[Result "1-0"]
[WhiteElo "2050"]
[BlackElo "2190"]
[PlyCount "59"]
[EventDate "2012.06.11"]
[EventType "swiss"]
[EventRounds "9"]
[EventCountry "VIE"]
[SourceTitle "CBM 149 Extra"]
[Source "ChessBase"]
[SourceDate "2012.08.24"]
[SourceVersion "1"]
[SourceVersionDate "2012.08.24"]
[SourceQuality "1"]

1. d4 d5 2. c4 c6 3. Nc3 Nf6 4. Nf3 dxc4 5. a4 Bf5 6. e3 e6 7. Bxc4 Bb4 8. 0-0 0-0 9. Qe2 Nbd7 10. e4 Bg6 11. Bd3 c5 12. e5 cxd4 13. exf6 dxc3 14. fxg7 Kxg7 15. Bxg6 hxg6 16. Qb5 Qe7 17. bxc3 Bd6 18. Rd1 Nc5 19. Be3 Rac8 20. h4 Rfd8 21. Re1 a6 22. Qe2 Qc7 23. h5 gxh5 24. Bd4+ Kf8 25. Ng5 e5 26. Qxh5 Nb3 27. Bb6 Qc4 28. Re4 Qd5 29. c4 Rxc4 30. Qh8+ 1-0